• 首页
  • 本馆介绍
  • 公告通知
  • 最新文献
  • 馆藏检索
  • 电子资源
  • 读者导购
  • 参考咨询
  • 我的图书馆
  • 登录
  • 详细信息显示
  • 放入我的书架
  • 预约/预借图书
  • 作者相关作品
  • 分类相关作品
  • 丛书相关作品
  • 出版社相关作品

书目信息

  • 表格格式
  • 工作单格式
  • 卡片格式
题名:
抱朴子内篇校释
    
 
作者: 王明 著
分册:  
出版信息: 北京   中华书局  1985.3
页数: 399页
开本: 20cm
丛书名: 新编诸子集成(第一辑)
单 册:
中图分类: B235.7
科图分类:
主题词: 哲学--中国--魏晋南北朝时代 , 哲学--中国--三国时代
电子资源:
ISBN:
000 00670nam0 2200241 45
001 0303190993
005 20040427152917.4
010    @dCNY2.65
091    @a2018.159
100    @a20030319d1985 km y0chiy0120 ea
101 0  @achi
105    @a z 000yy
200 1  @a抱朴子内篇校释@ABao Pu Zi Nei Pian Xiao Shi@f王明著@FWang Ming Zhu
210    @a北京@c中华书局@d1985.3
215    @a399页@d20cm
225    @a新编诸子集成(第一辑)
410    @12001 @a新编诸子集成(第一辑)
606 0  @a哲学@x中国@x魏晋南北朝时代
606 0  @a哲学@x中国@x三国时代
690    @aB235.7@v3
701  0 @a王明@4著
801    @aCN@bTSTC@c20030319
905    @dB235.7@e3=2@f2@b145831-832
    
    抱朴子内篇校释/王明著.-北京:中华书局,1985.3
    399页;20cm.-(新编诸子集成(第一辑))
    
    
    ISBN :CNY2.65
    
●
相关链接 在E读中查询图书 在五车中查询图书 在当当中查询图书 在豆瓣中查询图书


正题名:抱朴子内篇校释     索取号:B235.7/3=2         预约/预借

序号 登录号 条形码 馆藏地/架位号 状态 备注
1 0145831   000506722   第一借阅区/ [索取号:B235.7/3=2] 在馆    
2 0145832   000506688   第一借阅区/ [索取号:B235.7/3=2] 在馆    
唐山师范学院图书馆 欢迎您!
大连网信软件有限公司© 版权所有